=LDR 00000nam 2200000 4500 =001 INLIS000000000053559 =005 20181019042658 =035 ##$$a 0010-1018000174 =245 1#$$a Impian Eduko /$c Impian Eduko =100 #$$a Impian Eduko =250 ##$$a Ed. 1 =300 ##$$a 30 hlm : $b ilus ; $c 13 x 18 cm =260 ##$$a Jakarta :$b Bank Indonesia,$c 2008 =082 ##$$a 741.5 =084 ##$$a 741.5 IMP i =650 ##$$a Bank, Perbankan